Normal view
MARC view
- Bodla, Abdullah Talal
Entry Personal Name
001 - CONTROL NUMBER
- control field: 122182
003 - CONTROL NUMBER IDENTIFIER
- control field: NUST
005 - DATE AND TIME OF LATEST TRANSACTION
- control field: 20240321140116.0
008 - FIXED-LENGTH DATA ELEMENTS
- fixed length control field: 240321|| aca||aabn | a|a d
040 ## - CATALOGING SOURCE
- Original cataloging agency: NUST
- Transcribing agency: NUST
100 ## - HEADING--PERSONAL NAME
- Personal name: Bodla, Abdullah Talal
670 ## - SOURCE DATA FOUND
- Source citation: Work cat.: (NUST): Bodla, Abdullah Talal, PREPARATION OF PHYSIOLOGICALLY SIMULATED TESTING BENCHES AS PER ISO 25539 FOR THE TESTING OF VASCULAR IMPLANTS /
